Регионална библиотека "Любен Каравелов" - Русе

Георги Димитров и Русе (Запис номер 150985)

MARC детайли
000 -Лидер
Контролно поле с фиксирана дължина 01979nam a2200433 c 4500
003 - Код на организацията, давaща контролен номер
Контролно поле BLK
005 - Дата и час на последна редакция
Контролно поле 20240422141623.0
008 - Елементи от данни с фиксирана дължина
fixed length control field 180410b bul|||||r ||||||| ||bul||
010 ## - Наследен системен номер
LC control number KNG00157351000
040 ## - Източник на каталожния запис
Идентификатор на билиотеката - собственик на записа BLK
041 ## - Код за език
Код за езика на текст/звукозапис или на отделно заглавие Български
Код за езика КДБФ Български
072 #7 - Код за тематичната категория
Код организация bullib
Код за тематична категория К
Текст Краезнание
080 ## - УДК
Текстов определител УДК Комунистически партии. Вж и 327.323
УДК код - определител по УДК 329.15
УДК определител (497.2)БКП(092)
УДК - код + определител 329.15(497.2)БКП(092)
080 ## - УДК
Текстов определител УДК Михайлов, Георги Димитров. Български политик, ръководител на БКП и генерален секретар на Коминтерна, министър-председател
УДК код - определител по УДК 929 Димитров, Георги
УДК - код + определител 929 Димитров, Георги
100 ## - Редна дума - Автор
Автор Радков, Иван Кънчев
Дати, свързани с автора 1929-2007
Автор - информация (биография) Бълг. историк, русенски общественик, доцент, доктор на историческите науки, професор. Учител в Русе от 1953 до 1956 г. Директор на Окр. истор. музей в Русе от 1956 до 1970 г.
R(LIN) 365519
139 ## - Редно поле
Редна дума Радков, Иван Кънчев
Авторски знак Дими - Д 58
245 10 - Сведения за заглавието
Заглавие Георги Димитров и Русе
Редно поле (дума) Иван Кънчев Радков.
257 ## - Страна на издаване
Страна на създаване/издаване България
260 ## - Област на издателските данни
Име на издателя, разпространителя и проч. ОК на БКП - Русе
Година на издаване 1982
300 ## - Физическа характеристика
Страници 24 с.
Размери/Мащаб 20 см
380 ## - Жанр
Жанр Обществени науки
600 14 - Име на лице, използвано като предмет
За него / За нея Димитров, Георги
9 (RLIN) 246718
650 #4 - Допълнително описание по предмет – тема
Основно описание – тема или топоним БКП - дейци
9 (RLIN) 242529
651 #4 - Допълнително описание по предмет - топоним
Географско понятие България
9 (RLIN) 241624
651 #4 - Допълнително описание по предмет - топоним
Географско понятие Русе
9 (RLIN) 179462
653 ## - Ключова дума – ненормативна
Ключова дума БКП
653 ## - Ключова дума – ненормативна
Ключова дума комунисти
653 ## - Ключова дума – ненормативна
Ключова дума Георги Димитров
653 ## - Ключова дума – ненормативна
Ключова дума Русе
659 ## - Тематичен бюлетин
Тематичен бюлетин К
852 ## - Местоположение
Форматна сигнатура Цб 115228
852 ## - Местоположение
Форматна сигнатура К 329(092)/Д 58 Г
856 4# - Електронен адрес и достъп
Електронен формат pdf - файл
856 4# - Електронен адрес и достъп
Електронен формат pdf - файл
999 ## - СИСТЕМНИ КОНТРОЛНИ НОМЕРА
Koha biblionumber 150985
Koha biblioitemnumber 150985
942 ## - АРТИКУЛИ
Вид на библиотечния материал Книги
Скрит в OPAC Не
Периодичен библиозапис Да
944 ## - СЪЗДАВАНЕ И РЕДАКЦИЯ на ЗАПИСА
Създаване/Редакция Създаване
Дата на регистрацията/редакция 28.02.2014
Статус, дата на статуса Севдалина Тодорова
Служител, извършил регистрацията/редакцията 30540
944 ## - СЪЗДАВАНЕ И РЕДАКЦИЯ на ЗАПИСА
Създаване/Редакция Редакция
Дата на регистрацията/редакция 04.03.2014
Статус, дата на статуса 28.02.2014 - от С1,Р / 28.02.2014
999 ## - СИСТЕМНИ КОНТРОЛНИ НОМЕРА
Koha biblioitemnumber 150985
Наличности
Код за отписване Код за изгубен артикул Източник на класификационната схема Код за повреда Коз за рестрикции Код за отдаване Артикулен № Име на библиотеката - собственик Име на библиотеката, в която се намира в момента Статус (Текущо местоположение) Дата на вписване в системата Местоположение - отдел Цена в лева Инвентарен номер Систематично азбучна сигнатура Баркод Номер на екземпляра Цена в евро Служебна бележка Служебен тип на артикула
  Не е изгубен Universal Decimal Classification Не е повреден без рестрикции ползва се в читалня 252309 Регионална библиотека "Любен Каравелов" Русе Регионална библиотека "Любен Каравелов" Русе Краезнание 1982-01-01 Краезнание 0.20 354525 К 329(092)/Д 58 Г 120000354525 1 0.10 N: Сф Дата: 01.01.1982 Дата инв: 13.11.2017 Бележки инв: К2017 Книги
  Не е изгубен Universal Decimal Classification Не е повреден без рестрикции ползва се в читалня 252310 Регионална библиотека "Любен Каравелов" Русе Регионална библиотека "Любен Каравелов" Русе Краезнание 1982-01-01 Краезнание 0.20 354526 К 329(092)/Д 58 Г 120000354526 2 0.10 N: Сф Дата: 01.01.1982 Дата инв: 13.11.2017 Бележки инв: К2017 Книги
Vip Innovations Ltd, Rousse, Bulgaria 2025